MARC

LEADER 00000nam a2200000Ia 4500
001 11386
003 Arxiu
008 160829s1984 - xx 000 0 cat d
080 |a Memòries. 
110 1 |a Barcelona (Catalunya : Província).  |b Diputació  |9 52408 
240 |a Memòria 1995 
245 |a Memòria de la gestió corporativa de la Diputació de Barcelona 1995 
260 |a Barcelona :  |b Diputació. Presidència,  |c 1995 
300 |a v. ;  |c 33cm ;  |c 23cm 
590 |a Hi ha duplicats a: Memòries (1952-1959, 1964, 1967, 1982-2003, 2005, 2013) i a la Sala de Lectura (1972 - 2011, 2013) 
650 0 |a Barcelona (Catalunya : Província). Diputació  |x Memòries  |9 23006 
710 1 |a Barcelona (Catalunya : Província).  |b Diputació  |9 52408 
710 1 |a Catalunya.  |b Diputació Provincial  |9 54288 
856 |u https://www.diba.cat/documents/94831/366392651/1995_baixa.pdf/65da4fba-66de-7eba-e94a-20e342f58c12?t=1648212419470  |z bib_11386_1995.pdf 
900 |a bib_11386_1995_baixa.pdf 
901 |a Arxiu 
942 |n 1  |2 udc  |c ARXIU 
952 |0 0  |1 0  |2 udc  |4 0  |6 MEMÒRIES  |7 1  |9 63629  |a Arxiu  |b Arxiu  |d 2022-08-30  |o Memòries  |p 11386  |r 2022-08-30 00:00:00  |w 2022-08-30  |y ARXIU  |z Digitalitzat 
999 |c 80678  |d 80678